[Event "Summer Tournament for the intermediate players."]
[Site "SchemingMind.com"]
[Date "2009.07.15"]
[Round "-"]
[White "THart"]
[Black "Schaakmaatje"]
[Result "1-0"]
[WhiteCountry "USA"]
[BlackCountry "NED"]
[WhiteElo "1770"]
[WhiteRD "73"]
[BlackElo "1671"]
[BlackRD "49"]
[GameID "212073"]

1. d4 d5 2. Nf3 Bf5 3. e3 e6 4. Bd3 Bxd3 5. Qxd3 Nf6 6. Nbd2 Bd6 7. O-O O-O 8. e4 dxe4 9. Nxe4 Nc6 10. Bg5 h6
11. Nxf6+ gxf6 12. Bxh6 f5 13. Bxf8 Qxf8 14. c3 Qh6 15. h3 f6 16. Qe3 Qxe3 17. fxe3 Kf7 18. Rae1 Rg8 19. Kh1 e5 20. Nh4 f4
21. Nf5 Kg6 22. Nxd6 cxd6 23. exf4 exd4 24. g4 Kf7 25. f5 dxc3 26. bxc3 Ne5 27. Re3 Rc8 28. Rfe1 Rc4 29. R1e2 Kg7 30. Kg2 Kh6
31. Kg3 b5 32. Rd2 Rc6 33. Rd4 Kg7 34. h4 Kf7 35. g5 a6 36. g6+ Kg7 37. a3 Kh6 38. h5 Kg7 39. h6+ Kxh6 40. Rh4+ Kg7
41. Rh7+ Kg8 42. Kg2 d5 43. Reh3 Kf8 44. g7+ Kg8 45. Rh8+ Kxg7 46. R3h7#
1-0

[Event "Summer Tournament for the intermediate players."]
[Site "SchemingMind.com"]
[Date "2009.07.16"]
[Round "-"]
[White "aadaam"]
[Black "David Hartley"]
[Result "1/2-1/2"]
[WhiteCountry "INT"]
[BlackCountry "ENG"]
[WhiteElo "1751"]
[WhiteRD "63"]
[BlackElo "1843"]
[BlackRD "67"]
[GameID "212744"]

1. d4 d5 2. c4 e6 3. Nc3 Nf6 4. Bg5 Be7 5. e3 Nbd7 6. Nf3 O-O 7. Rc1 c6 8. Bd3 dxc4 9. Bxc4 Nd5 10. Bxe7 Qxe7
11. O-O Nxc3 12. Rxc3 e5 13. Qb3 exd4 14. Nxd4 Nf6 15. Rfc1 c5 16. Nf3 b6 17. Rd1 Bg4 18. Be2 Ne4 19. Rcd3 Rac8 20. Qc2 Nf6
21. Rd6 Rfd8 22. Rxd8+ Rxd8 23. h3 Rxd1+= 24. Qxd1 Be6 25. a3 h6 26. Qc2 Qc7 27. b4 Nd7 28. Nd2 Qd6 29. Ne4 Qe5 30. bxc5 bxc5
31. Nc3 Nb6 32. Nd1 Qg5 33. Kh2 c4 34. f4 Qc5 35. Qc1 Bd5 36. Nc3 Qc6 37. g4 Be4 38. Nxe4 Qxe4 39. Kg3=
1/2-1/2

[Event "Summer Tournament for the intermediate players."]
[Site "SchemingMind.com"]
[Date "2009.07.16"]
[Round "-"]
[White "David Hartley"]
[Black "aadaam"]
[Result "1-0"]
[WhiteCountry "ENG"]
[BlackCountry "INT"]
[WhiteElo "1843"]
[WhiteRD "67"]
[BlackElo "1751"]
[BlackRD "63"]
[GameID "212751"]

1. e4 e6 2. d4 d5 3. Nd2 Nf6 4. e5 Nfd7 5. c3 c5 6. Bd3 Nc6 7. Ne2 Be7 8. O-O c4 9. Bc2 b5 10. a4 bxa4
11. Bxa4 Bb7 12. Bc2 f6 13. f4 Qb6 14. b3 cxb3 15. Bxb3 Ba6 16. Rb1 Qc7 17. Nf3 O-O 18. Bd2 Na5 19. Bc2 Bxe2 20. Qxe2 Nc4
21. Bc1 f5 22. Bd3 Ndb6 23. Nd2 a5 24. Nxc4 Nxc4 25. Bxc4 dxc4 26. Ra1 a4 27. Ba3 Bxa3 28. Rxa3 Rfb8 29. Rfa1 Rb3 30. Rxa4 Rxa4
31. Rxa4 Rxc3 32. Qb2 Rb3 33. Qc2 Qb6 34. Qxc4 Rb1+ 35. Kf2 Qb2+ 36. Kg3
1-0

[Event "Summer Tournament for the intermediate players."]
[Site "SchemingMind.com"]
[Date "2009.08.13"]
[Round "-"]
[White "rodk"]
[Black "Clive Everill"]
[Result "1-0"]
[WhiteCountry "USA"]
[BlackCountry "CZE"]
[WhiteElo "1667"]
[WhiteRD "87"]
[BlackElo "1651"]
[BlackRD "52"]
[GameID "215314"]

1. Nf3 d5 2. d4 c5 3. e3 Nc6 4. Bb5 Bd7 5. c4 a6 6. cxd5 axb5 7. dxc6 Bxc6 8. O-O e6 9. a3 Nf6 10. Bd2 Ne4
11. Ne5 Qd6 12. Nxc6 bxc6 13. dxc5 Nxc5 14. Bb4 Qe5 15. Nc3 Bd6 16. g3 Rd8 17. Qf3 O-O 18. Qxc6 Nd3 19. Bxd6 Rxd6 20. Qxb5 Qh5
21. Qxh5
1-0

[Event "Summer Tournament for the intermediate players."]
[Site "SchemingMind.com"]
[Date "2009.08.11"]
[Round "-"]
[White "Clive Everill"]
[Black "rodk"]
[Result "1-0"]
[WhiteCountry "CZE"]
[BlackCountry "USA"]
[WhiteElo "1659"]
[WhiteRD "48"]
[BlackElo "1629"]
[BlackRD "87"]
[GameID "215321"]

1. e4 c6 2. d4 d5 3. e5 Bf5 4. Nf3 e6 5. Be2 c5 6. Be3 cxd4 7. Nxd4 Ne7 8. Bg5 Qb6 9. Nc3 Qxb2 10. Bd2 Qb6
11. Nxf5 Nxf5 12. Rb1 Qc7 13. f4 Bc5 14. Na4 Ne3 15. Bxe3 Bxe3 16. Bb5+ Nc6 17. Qd3 Bxf4 18. O-O Bxe5 19. g3 O-O 20. Qd1 Bd4+
21. Kg2 Ne5 22. Qxd4 Qxc2+ 23. Kh3 Nf3 24. Qf2 Ng5+ 25. Kg4 Qg6 26. Qe3 h6 27. Bd3 Ne4+ 28. Kh3 Qh5+ 29. Kg2 Qg5 30. Qxg5 hxg5
31. Bxe4 dxe4 32. Rxb7 f5 33. Nc5 Rfe8 34. Nd7 Rec8 35. Rf2 Kh7 36. Ne5 Rc5 37. Nf7 Kg6 38. Nd6 Rd5 39. Nc4 Kf6 40. Ne3 Rd3
41. Ng4+ Kg6 42. Ne5+ Kh6 43. Nxd3 exd3 44. Rd7 g4 45. Rxd3 Kg5 46. h4+ gxh3+ 47. Kxh3 e5 48. Rd7 g6 49. Rd5 e4 50. g4 e3
51. Re2 Kf4 52. Kg2 fxg4 53. Rd6 g5 54. Re6 Rh8 55. R2xe3 Rh3 56. R3e4+ Kf5 57. R6e5+
1-0

[Event "Summer Tournament for the intermediate players."]
[Site "SchemingMind.com"]
[Date "2009.08.29"]
[Round "-"]
[White "thefriediceman"]
[Black "jesusch"]
[Result "0-1"]
[WhiteCountry "USA"]
[BlackCountry "ESP"]
[WhiteElo "1887"]
[WhiteRD "70"]
[BlackElo "1876"]
[BlackRD "89"]
[GameID "217811"]

1. e4 c5 2. Nf3 d6 3. d4 cxd4 4. Nxd4 Nf6 5. Nc3 a6 6. Be3 e6 7. f3 Be7 8. Qd2 O-O 9. O-O-O Nc6 10. g4 Nd7
11. h4 Nde5 12. Qf2 Qc7 13. Be2 b5 14. Nxc6 Qxc6 15. a3 Rb8 16. f4 Nc4 17. Bd4 a5 18. h5 b4 19. axb4 axb4 20. Nb1 Ba6
21. Bf3 Na5 22. Nd2 Rfc8 23. c3 bxc3 24. Nf1 Qa4 25. Bxc3 Nb3+ 26. Kb1 Rxc3 27. bxc3 Qa1+ 28. Kc2 Qa2#
0-1

[Event "Summer Tournament for the intermediate players."]
[Site "SchemingMind.com"]
[Date "2009.08.29"]
[Round "-"]
[White "jesusch"]
[Black "thefriediceman"]
[Result "1-0"]
[WhiteCountry "ESP"]
[BlackCountry "USA"]
[WhiteElo "1877"]
[WhiteRD "89"]
[BlackElo "1881"]
[BlackRD "76"]
[GameID "217817"]

1. e4 e5 2. Nf3 Nc6 3. Bb5 a6 4. Ba4 Nf6 5. O-O Be7 6. Re1 b5 7. Bb3 O-O 8. c3 d6 9. d4 Bg4 10. d5 Na5
11. Bc2 c5 12. Nbd2 Qb6 13. Nf1 Nb7 14. Ne3 Bh5 15. Nf5 Qc7 16. Qd2 Bxf3 17. gxf3 Nh5 18. Qe2 Qd8 19. f4 Nxf4 20. Qg4 g6
21. Bxf4 exf4 22. Nxe7+ Qxe7 23. Qxf4 c4 24. Re3 Nc5 25. Rae1 Nd7 26. Kh1 Qe5 27. Qg4 Nf6 28. Qh4 Nh5 29. Rg1 Nf6 30. Rf3 Kg7
31. Rh3 h5 32. Rg5 Qe8 33. f3 Rh8 34. Rhg3 Rh6 35. Qf4 Qe7 36. Rg1 Re8 37. Qd2 Qa7 38. Qf4 Qe7 39. Qd2 Qa7= 40. R5g2 Nd7
41. f4 Nf6 42. Re2 Nd7 43. Rg5 Nf6 44. e5 dxe5 45. fxe5 Nh7 46. Rg1 Nf8 47. Rf1 Rh8 48. Ref2 Re7 49. Rf6 Nh7 50. Qf4 Rb7
51. Bxg6 Nxf6 52. Qxf6+ Kg8 53. Bf5 a5 54. Rg1+ Qxg1+ 55. Kxg1 Ra7 56. e6 fxe6 57. dxe6 Ra6 58. Qf7#
1-0

[Event "Summer Tournament for the intermediate players."]
[Site "SchemingMind.com"]
[Date "2009.10.10"]
[Round "-"]
[White "R.Leydon"]
[Black "e_castle3"]
[Result "0-1"]
[WhiteCountry "IRL"]
[BlackCountry "PHI"]
[WhiteElo "1508"]
[WhiteRD "80"]
[BlackElo "1713"]
[BlackRD "78"]
[GameID "222199"]

1. e4 Nc6 2. d4 d5 3. Nc3 dxe4 4. Be3 Nf6 5. d5 Ne5 6. Bf4 Ng6 7. Qd2 a6 8. Bc4 e5 9. Bg5 Bb4 10. Qe3 Bf5
11. O-O-O Bxc3 12. Qxc3 Qd6 13. Ne2 b5 14. Ng3 Bg4 15. f3 exf3 16. gxf3 Bd7 17. Bb3 a5 18. a4 bxa4 19. Ba2 O-O 20. h4 h6
21. Bxf6 gxf6 22. Ne4 Qb6 23. Nxf6+ Qxf6 24. h5 Nf4 25. Qxc7 Bf5 26. d6 Rac8 27. Qxa5 Rxc2+ 28. Kb1 Rc5+
0-1

[Event "Summer Tournament for the intermediate players."]
[Site "SchemingMind.com"]
[Date "2009.10.10"]
[Round "-"]
[White "e_castle3"]
[Black "R.Leydon"]
[Result "1-0"]
[WhiteCountry "PHI"]
[BlackCountry "IRL"]
[WhiteElo "1705"]
[WhiteRD "82"]
[BlackElo "1470"]
[BlackRD "80"]
[GameID "222206"]

1. Nf3 Nf6 2. d4 d5 3. Bg5 e6 4. e3 h6 5. Bh4 a6 6. Bd3 Nc6 7. a3 Bd6 8. O-O O-O 9. Nbd2 e5 10. dxe5 Nxe5
11. Nxe5 Bxe5 12. c3 Qd6 13. Nf3 Ng4 14. Bg3 Bxg3 15. hxg3 h5 16. Bc2 f5 17. Bb3 c6 18. Qd3 Qd8 19. Rfe1 Be6 20. Rad1 g5
21. Qd2 Rf7 22. Qc2 Rh7 23. e4 Qf6 24. exd5 cxd5 25. Bxd5 Bxd5 26. Rxd5 Rf8 27. Qb3 Kh8 28. Red1 h4 29. gxh4 gxh4 30. Rd6 Qe7
31. Rd7 Qf6 32. Rxh7+ Kxh7 33. Qxb7+ Kh8 34. Rd7 Rd8 35. Rh7+ Kg8 36. g3 hxg3 37. fxg3 Rd1+ 38. Kg2 Ne3+ 39. Kf2 Qe6 40. Qg7#
1-0

[Event "Summer Tournament for the intermediate players."]
[Site "SchemingMind.com"]
[Date "2009.10.25"]
[Round "-"]
[White "THart"]
[Black "diggies"]
[Result "0-1"]
[WhiteCountry "USA"]
[BlackCountry "USA"]
[WhiteElo "1736"]
[WhiteRD "78"]
[BlackElo "1757"]
[BlackRD "83"]
[GameID "224171"]

1. d4 e6 2. e3 Nf6 3. Nf3 d5 4. Bd3 Bd6 5. O-O O-O 6. Nbd2 a6 7. e4 dxe4 8. Nxe4 Nxe4 9. Bxe4 c6 10. Ng5 f5
11. Bd3 h6 12. Nf3 Nd7 13. g3 Nf6 14. Ne5 Qe8 15. Be2 Nd7 16. Bh5 Qd8 17. Ng6 Rf6 18. c3 Nf8 19. Ne5 Nh7 20. h4 Bd7
21. Bf4 Bxe5 22. dxe5 Rf8 23. Bg6 Be8 24. Qh5 Bxg6 25. Qxg6 Qe8 26. Qxe8 Rfxe8 27. Rad1 h5 28. Rd7 Rab8 29. Rfd1 Nf8 30. R7d6 Ng6
31. Rd7 Nxf4 32. gxf4 Kf8 33. R1d6 Re7 34. f3 Ke8 35. Rxe7+ Kxe7 36. c4 Rd8 37. c5 a5 38. Kf2 Rb8 39. b3 Re8 40. a3 Rg8
41. Ke3 Rb8 42. Kd4 b6 43. Rxc6 bxc5+ 44. Kc4 Rd8 45. Rxc5 Rd2 46. Kb5 Rd3 47. Ka4 Rxf3 48. Rc4 Rh3 49. b4 axb4 50. axb4 Re3
51. b5 Re4 52. Kb4 Kd7 53. b6 Rxc4+ 54. Kxc4 Kc6 55. b7 Kxb7 56. Kb5= Kc7 57. Kc5 Kd7 58. Kb6 g5 59. fxg5 f4 60. g6 Ke7
61. Kc5 f3 62. g7 Kf7 63. Kd6 f2 64. g8=Q+ Kxg8 65. Kxe6 f1=Q
0-1

[Event "Summer Tournament for the intermediate players."]
[Site "SchemingMind.com"]
[Date "2009.10.25"]
[Round "-"]
[White "diggies"]
[Black "THart"]
[Result "0-1"]
[WhiteCountry "USA"]
[BlackCountry "USA"]
[WhiteElo "1740"]
[WhiteRD "86"]
[BlackElo "1743"]
[BlackRD "75"]
[GameID "224179"]

1. e4 c6 2. Nf3 d5 3. exd5 cxd5 4. d4 Nf6 5. Bd3 Bg4 6. h3 Bh5 7. Nc3 e6 8. Bg5 Bb4 9. O-O Bxc3 10. bxc3 O-O
11. Be3 Ne4 12. c4 Nd7 13. g4 Bg6 14. cxd5 Nc3 15. Qe1 Nxd5 16. Bxg6 hxg6 17. Bg5 Qc7 18. Qe2 Nf4 19. Bxf4 Qxf4 20. Kg2 Nf6
21. Rfe1 Rad8 22. c3 Kh7 23. Ne5 Nd5 24. Qd3 Qf6 25. Qg3 Rh8 26. Rad1 Kg8 27. Rb1 Nf4+ 28. Kf1 Rxh3 29. Qg1 Qh4 30. f3 Rh1
31. Qxh1 Qxh1+ 32. Kf2 Qh2+ 33. Ke3 Ng2+ 34. Kd3 Nxe1+ 35. Rxe1 Kf8 36. Re2 Qh6 37. Rf2 f6 38. Nc4 g5 39. Ke3 Qh7 40. Na3 e5
41. Nc2 exd4+ 42. Nxd4 Re8+ 43. Kd2 Qb1 44. Rh2 Qxa2+ 45. Nc2 Rd8+ 46. Kc1 Kf7 47. Re2 Qc4 48. Re3 Rd3 49. Kb2 Qxc3+ 50. Kb1 Rxe3
51. Nxe3 Qxe3
0-1

[Event "Summer Tournament for the intermediate players."]
[Site "SchemingMind.com"]
[Date "2009.10.31"]
[Round "-"]
[White "john1960uk"]
[Black "nasmichael"]
[Result "1-0"]
[WhiteCountry "ENG"]
[BlackCountry "USA"]
[WhiteElo "2048"]
[WhiteRD "84"]
[BlackElo "1714"]
[BlackRD "100"]
[GameID "224338"]

1. e4 c5 2. c3 e6 3. d4 d5 4. e5 Qb6 5. Bd3 cxd4 6. cxd4 Nc6 7. Nf3 Nxd4 8. Nxd4 Bb4+ 9. Nc3 Bd7 10. Qg4 g6
11. Nc2 h5 12. Qxb4 Qxb4 13. Nxb4 Ne7 14. Bg5 Nc6 15. Nxc6 bxc6 16. Na4
1-0

[Event "Summer Tournament for the intermediate players."]
[Site "SchemingMind.com"]
[Date "2009.10.31"]
[Round "-"]
[White "nasmichael"]
[Black "john1960uk"]
[Result "0-1"]
[WhiteCountry "USA"]
[BlackCountry "ENG"]
[WhiteElo "1725"]
[WhiteRD "98"]
[BlackElo "2060"]
[BlackRD "86"]
[GameID "224342"]

1. e4 e5 2. Nf3 Nc6 3. d4 exd4 4. Nxd4 Bc5 5. Be3 Qf6 6. c3 Nge7 7. Be2 O-O 8. O-O d5 9. Nd2 Nxd4 10. cxd4 Bxd4
11. Bxd4 Qxd4 12. exd5 Nxd5 13. Rb1 Nf4 14. Bf3 Bf5 15. Ne4 Rad8 16. Qc2 Nd3 17. Qc3 Bxe4 18. Bxe4 Qxe4 19. Rbd1 Nf4 20. Qf3 Qxf3
21. gxf3 g5
0-1

[Event "Summer Tournament for the intermediate players."]
[Site "SchemingMind.com"]
[Date "2009.12.06"]
[Round "-"]
[White "THart"]
[Black "surkimus"]
[Result "0-1"]
[WhiteCountry "USA"]
[BlackCountry "FIN"]
[WhiteElo "1682"]
[WhiteRD "82"]
[BlackElo "1926"]
[BlackRD "98"]
[GameID "229534"]

1. d4 Nf6 2. e3 d5 3. Nf3 e6 4. Bd3 c5 5. c3 Nbd7 6. Nbd2 Bd6 7. O-O O-O 8. e4 cxd4 9. cxd4 Nxe4 10. Nxe4 dxe4
11. Bxe4 Qc7 12. Bxh7+ Kxh7 13. Ng5+ Kg8 14. Qh5 Nf6 15. Qh4 Qc2 16. Nf3 Qg6 17. Ne5 Bxe5 18. dxe5 Nd5 19. Re1 Bd7 20. Re4 f5
21. Re1 Kf7 22. Qg3 Qxg3 23. fxg3 Rac8 24. Bd2 Rc2 25. Bc3 Bc6 26. Rac1 Rxc1 27. Rxc1 Rc8 28. Bd2 Bd7 29. Rxc8 Bxc8 30. Kf2 b6
31. Kf3 a5 32. a3 Ba6 33. h4 Bd3 34. g4 Be4+ 35. Kf2 fxg4 36. Kg3 Bf5 37. b4 axb4 38. axb4 Ke7 39. Kf2 Kd7 40. Ke2 Kc6
0-1

[Event "Summer Tournament for the intermediate players."]
[Site "SchemingMind.com"]
[Date "2009.12.05"]
[Round "-"]
[White "surkimus"]
[Black "THart"]
[Result "1-0"]
[WhiteCountry "FIN"]
[BlackCountry "USA"]
[WhiteElo "1926"]
[WhiteRD "98"]
[BlackElo "1682"]
[BlackRD "82"]
[GameID "229540"]

1. e4 c6 2. d4 d5 3. exd5 cxd5 4. c4 Nf6 5. Nc3 Bf5 6. Qb3 b6 7. cxd5 e6 8. Bc4 Be7 9. Nge2 O-O 10. dxe6 fxe6
11. Bxe6+ Bxe6 12. Qxe6+ Kh8 13. O-O Nbd7 14. Be3 Re8 15. Nf4 Nf8 16. Qh3 Bd6 17. Rad1 Bxf4 18. Bxf4 Ng6 19. Bg5 Qd6 20. Bxf6 Qxf6
21. Nd5 Qf7 22. Nc3 Nf4 23. Qf3 Rad8 24. Rd2 Re7 25. Rfd1 g5 26. h3 Rde8 27. d5 Re1+ 28. Rxe1 Rxe1+ 29. Kh2 Qd7 30. Qg4 Qd6
31. g3 Ng6 32. Qxg5 Re5 33. Qg4 Ne7 34. Qf4 Ng6 35. Qf7 Nh4 36. Nb5 Qg6 37. Qf8+
1-0

[Event "Summer Tournament for the intermediate players."]
[Site "SchemingMind.com"]
[Date "2009.12.10"]
[Round "-"]
[White "Clive Everill"]
[Black "Brian Acebo"]
[Result "1-0"]
[WhiteCountry "CZE"]
[BlackCountry "USA"]
[WhiteElo "1684"]
[WhiteRD "50"]
[BlackElo "1533"]
[BlackRD "68"]
[GameID "229911"]

1. e4 c5 2. Nf3 d6 3. c3 Nf6 4. h3 Nxe4 5. Qa4+ Bd7 6. Qxe4 Bc6 7. Qe3 e6 8. d4 Be7 9. Nbd2 O-O 10. Bd3 cxd4
11. Qxd4 a6 12. Nc4 Bxf3 13. gxf3 Nc6 14. Qb6 Qd7 15. Bf4 Rfd8 16. O-O-O d5 17. Ne5 Nxe5 18. Bxe5 Rac8 19. Qb3 b5 20. a3 Bd6
21. Bxd6 Qxd6 22. Kb1 Qf4 23. Be2 Rc7 24. Rd4 Qd6 25. Rg4 f5 26. Rg2 g6 27. h4 Kf7 28. h5 Rg8 29. hxg6+ hxg6 30. Rh7+ Rg7
31. Rxg7+ Kxg7 32. Qd1 Qe5 33. Bd3 Kf6 34. Qg1 Rg7 35. a4 bxa4 36. Bxa6 a3 37. Qc1 axb2 38. Qxb2 Qd6 39. Qe2 Qb6+ 40. Kc2 Ra7
41. Bc4 dxc4 42. Qxc4 Rc7 43. Qh4+ Kg7 44. Qg5 e5 45. Qxf5 Qd6 46. Rg5 Re7 47. Qe4 Rd7 48. Qxe5+
1-0

[Event "Summer Tournament for the intermediate players."]
[Site "SchemingMind.com"]
[Date "2009.12.10"]
[Round "-"]
[White "Brian Acebo"]
[Black "Clive Everill"]
[Result "0-1"]
[WhiteCountry "USA"]
[BlackCountry "CZE"]
[WhiteElo "1526"]
[WhiteRD "71"]
[BlackElo "1682"]
[BlackRD "50"]
[GameID "229918"]

1. d4 Nf6 2. c4 g6 3. Nc3 Bg7 4. Nf3 O-O 5. e4 d6 6. Be3 c6 7. h3 Qc7 8. Bd3 Rd8 9. O-O e5 10. d5 cxd5
11. cxd5 a6 12. Qb3 b5 13. Rac1 Qe7 14. a3 Nbd7 15. Qc2 Bb7 16. Qd2 Nc5 17. Bc2 Bc8 18. Rfe1 Nh5 19. Bh6 Nd7 20. b4 Ndf6
21. Bxg7 Kxg7 22. Qe3 Nf4 23. Kh2 h5 24. Ne2 Nxe2 25. Rxe2 Bd7 26. Bd3 Rh8 27. Rec2 Ng4+ 28. hxg4 hxg4+ 29. Kg1 gxf3 30. Qxf3 Qh4
31. Kf1 Bg4
0-1

[Event "Summer Tournament for the intermediate players."]
[Site "SchemingMind.com"]
[Date "2010.01.17"]
[Round "-"]
[White "e_castle3"]
[Black "john1960uk"]
[Result "0-1"]
[WhiteCountry "PHI"]
[BlackCountry "ENG"]
[WhiteElo "1753"]
[WhiteRD "78"]
[BlackElo "2118"]
[BlackRD "89"]
[GameID "234772"]

1. e4 e5 2. Nf3 Nc6 3. Bb5 a6 4. Bxc6 dxc6 5. O-O Bd6 6. Nc3 Nf6 7. d3 Bg4 8. h3 Bh5 9. Bg5 O-O 10. g4 Bg6
11. Re1 h6 12. Bh4 Qe7 13. Qd2 h5 14. g5 Nd7 15. a3 b5 16. Ne2 Qe6 17. Kh2 c5 18. Ng3 c4 19. Re2 Nc5 20. Rae1 cxd3
21. cxd3 Nb3 22. Qc3 c5 23. Re3 Nd4 24. Nd2 Rfd8 25. Ne2 Rac8 26. Bg3 c4 27. dxc4 bxc4 28. Kg2 Bc5 29. Qxc4 Nc2 30. Qxe6 fxe6
31. Nf3 Nxe1+ 32. Nxe1 Bxe3
0-1

[Event "Summer Tournament for the intermediate players."]
[Site "SchemingMind.com"]
[Date "2010.01.17"]
[Round "-"]
[White "john1960uk"]
[Black "e_castle3"]
[Result "1-0"]
[WhiteCountry "ENG"]
[BlackCountry "PHI"]
[WhiteElo "2114"]
[WhiteRD "84"]
[BlackElo "1748"]
[BlackRD "81"]
[GameID "234775"]

1. e4 c6 2. d4 d5 3. exd5 cxd5 4. c4 Nf6 5. Nc3 e6 6. Nf3 Be7 7. cxd5 Nxd5 8. Bc4 O-O 9. O-O Nc6 10. Re1 a6
11. Bb3 Bb4 12. Qd3 Qd6 13. Ng5 Nf6 14. Nce4 Nxe4 15. Rxe4 g6 16. Nxh7 Kxh7 17. Qh3+ Kg8 18. Qh6 Nxd4 19. Rh4
1-0

[Event "Summer Tournament for the intermediate players."]
[Site "SchemingMind.com"]
[Date "2010.02.19"]
[Round "-"]
[White "David Hartley"]
[Black "jesusch"]
[Result "1-0"]
[WhiteCountry "ENG"]
[BlackCountry "ESP"]
[WhiteElo "1787"]
[WhiteRD "61"]
[BlackElo "1919"]
[BlackRD "92"]
[GameID "238992"]

1. e4 c5 2. c3 d5 3. exd5 Qxd5 4. d4 Nf6 5. Nf3 Bg4 6. Be2 e6 7. O-O Nc6 8. Be3 O-O-O 9. dxc5 Bxc5 10. Qxd5 Rxd5
11. Bxc5 Rxc5 12. Nbd2 Rd8 13. Nb3 Rcd5 14. h3 Bh5 15. Rfe1 Bxf3 16. Bxf3 R5d6 17. Rad1 Rxd1 18. Rxd1 Rxd1+ 19. Bxd1 Kc7 20. Kf1 Ne5
21. Ke2 Nc4 22. Bc2 Nxb2 23. Nd2 Nd5 24. Nb1 Nc4 25. Bxh7 g6 26. Bg8 Ne5 27. g3 Kd7 28. f4 Nc6 29. Bxf7 Nce7 30. Kf3 b5
31. Kg4 Nf6+ 32. Kg5 Ne4+ 33. Kh6 Nxg3 34. Bxg6 Nxg6 35. Kxg6 Ne2 36. f5 Nf4+ 37. Kf6 exf5 38. h4 Kd6 39. Kxf5 Nh5 40. Nd2 Kd5
41. Ne4 Kc4 42. Kg5 Ng7 43. Nf2 Kxc3 44. Nh3 Kb2 45. Kg6 Ne6 46. Kf6 Nf8 47. h5 Kxa2 48. Kg7 Ne6+ 49. Kf7 Nc5 50. Nf2 b4
51. h6 b3 52. Nd1 Ne4 53. Kg6 Nf2 54. Nc3+ Kb2 55. Na4+ Ka3 56. Nc3 b2 57. h7 Kb3 58. h8=Q Nd3 59. Kg5 Nc5 60. Kf4 a5
61. Nb1 Ka2 62. Qh7 Kb3 63. Qf5 Kb4 64. Qh3 Kb5 65. Qc3 a4 66. Na3+ Kc6 67. Ke3
1-0

[Event "Summer Tournament for the intermediate players."]
[Site "SchemingMind.com"]
[Date "2010.02.19"]
[Round "-"]
[White "jesusch"]
[Black "David Hartley"]
[Result "1-0"]
[WhiteCountry "ESP"]
[BlackCountry "ENG"]
[WhiteElo "1928"]
[WhiteRD "98"]
[BlackElo "1783"]
[BlackRD "63"]
[GameID "238998"]

1. e4 e5 2. Nf3 Nc6 3. Bb5 a6 4. Ba4 Nf6 5. O-O Be7 6. Re1 b5 7. Bb3 d6 8. c3 O-O 9. d4 exd4 10. cxd4 Bg4
11. d5 Ne5 12. Nbd2 Nfd7 13. h3 Bh5 14. a4 f5 15. exf5 Bxf3 16. Nxf3 Rxf5 17. Nd4 Rf7 18. Qe2 Bf6 19. axb5 axb5 20. Nc6 Qf8
21. Rxa8 Qxa8 22. Qxb5 Nc5 23. Nxe5 Bxe5 24. Rxe5 dxe5 25. Qxc5 Rd7 26. Qc6 Qd8 27. Qe6+ Kh8 28. Qxe5 h6 29. Bxh6 Re7 30. Qc3 Qe8
31. Bf4 Qf7 32. d6
1-0

[Event "Summer Tournament for the intermediate players."]
[Site "SchemingMind.com"]
[Date "2010.03.19"]
[Round "-"]
[White "surkimus"]
[Black "john1960uk"]
[Result "1-0"]
[WhiteCountry "FIN"]
[BlackCountry "ENG"]
[WhiteElo "2083"]
[WhiteRD "95"]
[BlackElo "2063"]
[BlackRD "96"]
[GameID "241968"]

1. e4 e5 2. Nf3 Nc6 3. Bb5 a6 4. Ba4 Nf6 5. O-O Be7 6. Re1 b5 7. Bb3 O-O 8. c3 d5 9. exd5 Nxd5 10. Nxe5 Nxe5
11. Rxe5 c6 12. d4 Bd6 13. Re1 Qh4 14. g3 Qh3 15. Be3 Bg4 16. Qd3 Rae8 17. Nd2 Re6 18. a4 bxa4 19. Rxa4 f5 20. Qf1 Qh5
21. f4 Rfe8 22. Qf2 g5 23. fxg5 f4 24. gxf4 Bh3 25. Rxa6 Bxf4 26. Qxf4 Nxf4 27. Bxf4 Qg4+ 28. Bg3 Qxg5 29. Ne4 Qf5 30. Nc5 Qf3
31. Bxe6+ Rxe6 32. Ra8+
1-0

[Event "Summer Tournament for the intermediate players."]
[Site "SchemingMind.com"]
[Date "2010.03.19"]
[Round "-"]
[White "john1960uk"]
[Black "surkimus"]
[Result "0-1"]
[WhiteCountry "ENG"]
[BlackCountry "FIN"]
[WhiteElo "2063"]
[WhiteRD "96"]
[BlackElo "2083"]
[BlackRD "95"]
[GameID "241972"]

1. e4 e5 2. Nf3 Nc6 3. d4 exd4 4. Nxd4 Bc5 5. Nxc6 Qf6 6. Qd2 dxc6 7. Nc3 Be6 8. Na4 Rd8 9. Bd3 Bd6 10. Qe3 Bb4+
11. Bd2 Bxd2+ 12. Qxd2 Ne7 13. O-O Ng6 14. Qc3 Qxc3 15. Nxc3 Ne5 16. Rfd1 g5 17. f3 Ke7 18. Kf2 h5 19. Ke3 Rd6 20. Be2 Rhd8
21. b3 b5 22. b4 Rxd1 23. Rxd1 Rxd1 24. Bxd1 Nc4+ 25. Kd4 Kd6 26. e5+ Nxe5
0-1

[Event "Summer Tournament for the intermediate players."]
[Site "SchemingMind.com"]
[Date "2010.08.19"]
[Round "-"]
[White "David Hartley"]
[Black "Clive Everill"]
[Result "1/2-1/2"]
[WhiteCountry "ENG"]
[BlackCountry "CZE"]
[WhiteElo "1844"]
[WhiteRD "66"]
[BlackElo "1707"]
[BlackRD "50"]
[GameID "257978"]

1. e4 d5 2. exd5 Qxd5 3. Nc3 Qa5 4. d4 Nf6 5. Nf3 c6 6. Bc4 Bf5 7. Bd2 Nbd7 8. Qe2 Qc7 9. O-O-O Nb6 10. Bb3 e6
11. Nh4 Bg4 12. f3 Bh5 13. g4 Bg6 14. f4 O-O-O 15. Nxg6 hxg6 16. Be3 Bb4 17. Rd3 Bd6 18. Qf3 Nfd5 19. Nxd5 Nxd5 20. Bxd5 exd5
21. h3 f5 22. g5 Rh4 23. Rf1 Rdh8 24. Bd2 Rxh3 25. Qxh3 Rxh3 26. Rxh3 b5 27. Rh4 a5 28. Re1 Kb7 29. Re6 Bb4 30. Bxb4 axb4
31. Re8 c5 32. dxc5 Qxc5 33. Reh8 Qe3+ 34. Kd1 d4 35. R8h7 d3 36. cxd3 Qxd3+ 37. Kc1 Qc4+ 38. Kb1 Qd4 39. Kc1 Qe3+= 40. Kc2 Qd4
41. b3 Qc3+ 42. Kb1 Qd3+= 43. Kc1 Qc3+ 44. Kb1 Qe1+ 45. Kb2 Qd2+ 46. Kb1 Qd1+=
1/2-1/2

[Event "Summer Tournament for the intermediate players."]
[Site "SchemingMind.com"]
[Date "2010.08.19"]
[Round "-"]
[White "Clive Everill"]
[Black "David Hartley"]
[Result "1/2-1/2"]
[WhiteCountry "CZE"]
[BlackCountry "ENG"]
[WhiteElo "1707"]
[WhiteRD "50"]
[BlackElo "1844"]
[BlackRD "66"]
[GameID "257981"]

1. e4 e5 2. f4 exf4 3. Nf3 g5 4. h4 f6 5. Nxg5 fxg5 6. Qh5+ Ke7 7. Qxg5+ Nf6 8. e5 Ke8 9. exf6 d5 10. Be2 Be6
11. Bh5+ Bf7 12. Bxf7+ Kxf7 13. Qxf4 Qe8+ 14. Kd1 Bd6 15. Qd4 Qe5 16. Qxe5 Bxe5 17. g4 Bxf6 18. Rf1 Ke7 19. g5 Bg7 20. Nc3 c6
21. d3 Nd7 22. Ne2 Nc5 23. d4 Ne6 24. c3 Rae8 25. Kc2 Rhf8 26. Be3 Rf7 27. Rxf7+ Kxf7 28. Kd3 Kg6 29. Rh1 Bf8 30. Nf4+ Nxf4+
31. Bxf4 Re4 32. h5+ Kg7 33. Be5+ Kf7 34. Rf1+ Ke8 35. g6 hxg6 36. hxg6 Rg4 37. Rf7 Rxg6 38. Rxb7 Rg2 39. a4 a5 40. Rb6 Kd7
41. Rb7+ Ke6 42. Ra7 Rxb2 43. Rxa5 Rb7 44. Ra8 Be7 45. a5 Kd7 46. a6 Rb5 47. a7 Ra5 48. Kc2 Bd8 49. Kb3 Bb6 50. Kb4= Rxa7
51. Rxa7+ Bxa7=
1/2-1/2